[Event "Stay Safe Play From Home 324"]
[Site "Emanuel Lasker Arena"]
[Date "2020.07.22"]
[Round "1"]
[White "Weltszmerc"]
[Black "Ganyan"]
[Result "1-0"]
[WhiteElo "2056"]
[BlackElo "1620"]
[Annotator "NA"]
[PlyCount "107"]
[EventDate "2020.07.22"]
[EventType "swiss (blitz)"]

1. d4 {[%emt 0:00:02]} Nf6 {[%emt 0:00:01]} 2. c4 {[%emt 0:00:01]} c5 {[%emt 0:00:00]} 3. d5 {[%emt 0:00:01]} b5 {[%emt 0:00:01]} 4. cxb5 {[%emt 0:00:00]} a6 {[%emt 0:00:01]} 5. bxa6 {[%emt 0:00:00]} g6 {[%emt 0:00:01]} 6. Nc3 {[%emt 0:00:00]} Bxa6 {[%emt 0:00:01]} 7. e4 {[%emt 0:00:00]} Bxf1 {[%emt 0:00:00]} 8. Kxf1 {[%emt 0:00:00]} Bg7 {[%emt 0:00:01]} 9. Nf3 {[%emt 0:00:00]} d6 {[%emt 0:00:01]} 10. h3 {[%emt 0:00:00]} Ra6 {[%emt 0:00:03]} 11. g3 {[%emt 0:00:01]} Nbd7 {[%emt 0:00:01]} 12. Kg2 {[%emt 0:00:00]} Qa8 {[%emt 0:00:00]} 13. Re1 {[%emt 0:00:01]} O-O {[%emt 0:00:01]} 14. Re2 {[%emt 0:00:05]} e6 {[%emt 0:00:06]} 15. Bf4 {[%emt 0:00:05]} Re8 {[%emt 0:00:10]} 16. dxe6 {[%emt 0:00:11]} Rxe6 {[%emt 0:00:00]} 17. Ng5 {[%emt 0:00:02]} Re8 {[%emt 0:00:08]} 18. Bxd6 {[%emt 0:00:04]} h6 {[%emt 0:00:06]} 19. Nf3 {[%emt 0:00:01]} Nxe4 {[%emt 0:00:03]} 20. Nxe4 {[%emt 0:00:01]} Rxe4 {[%emt 0:00:00]} 21. Bf4 {[%emt 0:00:11]} Rd4 {[%emt 0:00:59]} 22. Qe1 {[%emt 0:00:09]} Nf6 {[%emt 0:00:09]} 23. Rd1 {[%emt 0:00:32]} Rxa2 {[%emt 0:00:10]} 24. Be5 {[%emt 0:00:33]} Rxd1 {[%emt 0:00:05]} 25. Qxd1 {[%emt 0:00:00]} Ra1 {[%emt 0:00:15]} 26. Qc2 {[%emt 0:00:21]} Qd5 {[%emt 0:00:18]} 27. Rd2 {[%emt 0:00:20]} Qc6 {[%emt 0:00:17]} 28. Rd6 {[%emt 0:00:05]} Qb5 {[%emt 0:00:07]} 29. Rd1 {[%emt 0:00:10]} Ra6 {[%emt 0:00:18]} 30. Bc3 {[%emt 0:00:06]} Re6 {[%emt 0:00:06]} 31. Qd3 {[%emt 0:00:07]} Qc6 {[%emt 0:00:02]} 32. Kg1 {[%emt 0:00:08]} Ne4 {[%emt 0:00:02]} 33. Bxg7 {[%emt 0:00:03]} Kxg7 {[%emt 0:00:00]} 34. Qd7 {[%emt 0:00:17]} Qa6 {[%emt 0:00:15]} 35. Re1 {[%emt 0:00:04]} Nf6 {[%emt 0:00:10]} 36. Qd1 {[%emt 0:00:02]} Rd6 {[%emt 0:00:01]} 37. Qc2 {[%emt 0:00:02]} c4 {[%emt 0:00:04]} 38. Ne5 {[%emt 0:00:02]} Rd4 {[%emt 0:00:01]} 39. Rd1 {[%emt 0:00:04]} Rxd1+ {[%emt 0:00:04]} 40. Qxd1 {[%emt 0:00:00]} Qa2 {[%emt 0:00:01]} 41. Qd4 {[%emt 0:00:01]} Qb1+ {[%emt 0:00:01]} 42. Kg2 {[%emt 0:00:00]} Qc2 {[%emt 0:00:04]} 43. Nxc4 {[%emt 0:00:03]} Qe4+ {[%emt 0:00:01]} 44. Qxe4 {[%emt 0:00:01]} Nxe4 {[%emt 0:00:00]} 45. Kf3 {[%emt 0:00:01]} Nc5 {[%emt 0:00:04]} 46. Ke3 {[%emt 0:00:01]} Kf6 {[%emt 0:00:02]} 47. b4 {[%emt 0:00:01]} Nb7 {[%emt 0:00:03]} 48. Kd4 {[%emt 0:00:01]} Ke6 {[%emt 0:00:00]} 49. f4 {[%emt 0:00:01]} f5 {[%emt 0:00:02]} 50. Ne5 {[%emt 0:00:01]} g5 {[%emt 0:00:01]} 51. Nd3 {[%emt 0:00:05]} Kd6 {[%emt 0:00:02]} 52. Nc5 {[%emt 0:00:06]} Nd8 {[%emt 0:00:01]} 53. Kc4 {[%emt 0:00:01]} Ne6 {[%emt 0:00:00]} 54. Nxe6 {[%emt 0:00:01] Ganyan resigns (Lag: Av=0.66s, max=1.2s)} 1-0

[Event "Stay Safe Play From Home 324"]
[Site "Emanuel Lasker Arena"]
[Date "2020.07.22"]
[Round "1"]
[White "Ionelluca"]
[Black "Timbre"]
[Result "0-1"]
[WhiteElo "1972"]
[BlackElo "1593"]
[Annotator "NA"]
[PlyCount "68"]
[EventDate "2020.07.22"]
[EventType "swiss (blitz)"]

1. c4 {[%emt 0:00:02]} c6 {[%emt 0:00:02]} 2. g3 {[%emt 0:00:05]} d5 {[%emt 0:00:03]} 3. Bg2 {[%emt 0:00:01]} Nf6 {[%emt 0:00:02]} 4. Nf3 {[%emt 0:00:01]} Bf5 {[%emt 0:00:02]} 5. b3 {[%emt 0:00:01]} e6 {[%emt 0:00:01]} 6. Bb2 {[%emt 0:00:01]} Be7 {[%emt 0:00:01]} 7. O-O {[%emt 0:00:02]} Nbd7 {[%emt 0:00:01]} 8. d3 {[%emt 0:00:01]} O-O {[%emt 0:00:02]} 9. Nbd2 {[%emt 0:00:02]} a6 {[%emt 0:00:03]} 10. Re1 {[%emt 0:00:01]} h6 {[%emt 0:00:03]} 11. e4 {[%emt 0:00:06]} dxe4 {[%emt 0:00:02]} 12. dxe4 {[%emt 0:00:01]} Bg6 {[%emt 0:00:05]} 13. Nh4 {[%emt 0:00:03]} Bh7 {[%emt 0:00:03]} 14. e5 {[%emt 0:00:07]} Ne8 {[%emt 0:00:02]} 15. Nhf3 {[%emt 0:00:07]} Qc7 {[%emt 0:00:02]} 16. Qc2 {[%emt 0:00:05]} Bxc2 {[%emt 0:00:04]} 17. Rac1 {[%emt 0:00:01]} Bg6 {[%emt 0:00:03]} 18. Nf1 {[%emt 0:00:01]} Nc5 {[%emt 0:00:02]} 19. Re3 {[%emt 0:00:11]} Nd3 {[%emt 0:00:06]} 20. Rc2 {[%emt 0:00:01]} Nxb2 {[%emt 0:00:02]} 21. Rxb2 {[%emt 0:00:01]} Bc5 {[%emt 0:00:06]} 22. Re1 {[%emt 0:00:02]} Rd8 {[%emt 0:00:03]} 23. Ne3 {[%emt 0:00:02]} Bxe3 {[%emt 0:00:03]} 24. fxe3 {[%emt 0:00:03]} Qb6 {[%emt 0:00:03]} 25. h3 {[%emt 0:00:04]} Nc7 {[%emt 0:00:03]} 26. Kh2 {[%emt 0:00:02]} Be4 {[%emt 0:00:04]} 27. b4 {[%emt 0:00:04]} Bxf3 {[%emt 0:00:02]} 28. Bxf3 {[%emt 0:00:01]} Qa7 {[%emt 0:00:04]} 29. Bg4 {[%emt 0:00:06]} Qb8 {[%emt 0:00:02]} 30. a3 {[%emt 0:00:10]} Rd3 {[%emt 0:00:06]} 31. a4 {[%emt 0:00:04]} Rfd8 {[%emt 0:00:03]} 32. Ree2 {[%emt 0:00:04]} b5 {[%emt 0:00:03]} 33. cxb5 {[%emt 0:00:03]} cxb5 {[%emt 0:00:04]} 34. a5 {[%emt 0:00:01]} Nd5 {[%emt 0:00:03] Ionelluca resigns (Lag: Av=0.68s, max=4.5s)} 0-1

[Event "Stay Safe Play From Home 324"]
[Site "Emanuel Lasker Arena"]
[Date "2020.07.22"]
[Round "1"]
[White "Haris kollari 13"]
[Black "Justwatch"]
[Result "1-0"]
[WhiteElo "1878"]
[BlackElo "1468"]
[Annotator "NA"]
[PlyCount "79"]
[EventDate "2020.07.22"]
[EventType "swiss (blitz)"]

1. e4 {[%emt 0:00:01]} Nf6 {[%emt 0:00:00]} 2. e5 {[%emt 0:00:02]} Nd5 {[%emt 0:00:01]} 3. c4 {[%emt 0:00:00]} Nb4 {[%emt 0:00:11]} 4. a3 {[%emt 0:00:02]} N4c6 {[%emt 0:00:00]} 5. d4 {[%emt 0:00:01]} d6 {[%emt 0:00:01]} 6. f4 {[%emt 0:00:01]} dxe5 {[%emt 0:00:01]} 7. d5 {[%emt 0:00:02]} Nd4 {[%emt 0:00:01]} 8. fxe5 {[%emt 0:00:01]} Nf5 {[%emt 0:00:01]} 9. Bd3 {[%emt 0:00:02]} g6 {[%emt 0:00:02]} 10. Nf3 {[%emt 0:00:05]} Bg7 {[%emt 0:00:03]} 11. O-O {[%emt 0:00:02]} O-O {[%emt 0:00:01]} 12. Nc3 {[%emt 0:00:01]} Nd7 {[%emt 0:00:01]} 13. Bf4 {[%emt 0:00:03]} Nc5 {[%emt 0:00:08]} 14. Bc2 {[%emt 0:00:01]} e6 {[%emt 0:00:02]} 15. b4 {[%emt 0:00:04]} Na6 {[%emt 0:00:01]} 16. Qd2 {[%emt 0:00:15]} exd5 {[%emt 0:00:03]} 17. cxd5 {[%emt 0:00:02]} Ne7 {[%emt 0:00:03]} 18. Rad1 {[%emt 0:00:09]} Bf5 {[%emt 0:00:14]} 19. Bb3 {[%emt 0:00:08]} Rc8 {[%emt 0:00:09]} 20. Nd4 {[%emt 0:00:01]} Bg4 {[%emt 0:00:05]} 21. Rde1 {[%emt 0:00:03]} Nf5 {[%emt 0:00:05]} 22. h3 {[%emt 0:00:08]} Nxd4 {[%emt 0:00:01]} 23. Qxd4 {[%emt 0:00:01]} Bd7 {[%emt 0:00:04]} 24. b5 {[%emt 0:00:06]} Nb8 {[%emt 0:00:02]} 25. a4 {[%emt 0:00:01]} Qh4 {[%emt 0:00:04]} 26. Qxa7 {[%emt 0:00:07]} Bxh3 {[%emt 0:00:05]} 27. gxh3 {[%emt 0:00:03]} Qxh3 {[%emt 0:00:00]} 28. Re3 {[%emt 0:00:03]} Qg4+ {[%emt 0:00:02]} 29. Rg3 {[%emt 0:00:05]} Qh5 {[%emt 0:00:04]} 30. Qe3 {[%emt 0:00:03]} Nd7 {[%emt 0:00:01]} 31. Re1 {[%emt 0:00:02]} Rce8 {[%emt 0:00:03]} 32. e6 {[%emt 0:00:04]} fxe6 {[%emt 0:00:01]} 33. dxe6 {[%emt 0:00:01]} Nf6 {[%emt 0:00:02]} 34. e7+ {[%emt 0:00:05]} Kh8 {[%emt 0:00:01]} 35. exf8=Q+ {[%emt 0:00:01]} Rxf8 {[%emt 0:00:00]} 36. Be5 {[%emt 0:00:02]} Ng4 {[%emt 0:00:03]} 37. Bxg7+ {[%emt 0:00:02]} Kxg7 {[%emt 0:00:00]} 38. Qd4+ {[%emt 0:00:02]} Kh6 {[%emt 0:00:02]} 39. Qxg4 {[%emt 0:00:02]} Qc5+ {[%emt 0:00:03]} 40. Ree3 {[%emt 0:00:03] Justwatch terk eder (Lag: Av=0.53s, max=1.1s)} 1-0

[Event "Stay Safe Play From Home 324"]
[Site "Emanuel Lasker Arena"]
[Date "2020.07.22"]
[Round "1"]
[White "Cirovicz"]
[Black "Mr bh6"]
[Result "0-1"]
[WhiteElo "1737"]
[BlackElo "2485"]
[Annotator "RC"]
[PlyCount "82"]
[EventDate "2020.07.22"]
[EventType "swiss (blitz)"]

1. e4 {[%emt 0:00:01]} e6 {[%emt 0:00:05]} 2. d4 {[%emt 0:00:05]} d5 {[%emt 0:00:00]} 3. Nc3 {[%emt 0:00:02]} Nf6 {[%emt 0:00:50]} 4. exd5 {[%emt 0:00:05]} exd5 {[%emt 0:00:03]} 5. Bg5 {[%emt 0:00:05]} Be7 {[%emt 0:00:04]} 6. Nf3 {[%emt 0:00:02]} O-O {[%emt 0:00:04]} 7. Bd3 {[%emt 0:00:02]} Nc6 {[%emt 0:00:02]} 8. O-O {[%emt 0:00:03]} Bg4 {[%emt 0:00:03]} 9. Be2 {[%emt 0:00:07]} Ne4 {[%emt 0:00:06]} 10. Bxe7 {[%emt 0:00:07]} Nxe7 {[%emt 0:00:00]} 11. Nxe4 {[%emt 0:00:05]} dxe4 {[%emt 0:01:29]} 12. Ng5 {[%emt 0:00:06]} Bxe2 {[%emt 0:00:01]} 13. Qxe2 {[%emt 0:00:02]} Qxd4 {[%emt 0:00:02]} 14. Qxe4 {[%emt 0:00:02]} Qxe4 {[%emt 0:00:01]} 15. Nxe4 {[%emt 0:00:01]} b6 {[%emt 0:00:01]} 16. c4 {[%emt 0:00:06]} Rad8 {[%emt 0:00:02]} 17. Rfc1 {[%emt 0:00:02]} Rd4 {[%emt 0:00:04]} 18. f3 {[%emt 0:00:02]} c5 {[%emt 0:00:01]} 19. a3 {[%emt 0:00:04]} Rfd8 {[%emt 0:00:01]} 20. b4 {[%emt 0:00:05]} f5 {[%emt 0:00:01]} 21. Ng5 {[%emt 0:00:13]} R4d6 {[%emt 0:00:05]} 22. Re1 {[%emt 0:00:15]} R8d7 {[%emt 0:00:01]} 23. Ne6 {[%emt 0:00:15]} cxb4 {[%emt 0:00:06]} 24. axb4 {[%emt 0:00:01]} h6 {[%emt 0:00:03]} 25. c5 {[%emt 0:00:07]} bxc5 {[%emt 0:00:00]} 26. Nxc5 {[%emt 0:00:02]} Rc7 {[%emt 0:00:02]} 27. Na6 {[%emt 0:00:06]} Rb7 {[%emt 0:00:06]} 28. Nc5 {[%emt 0:00:02]} Rc7 {[%emt 0:00:01]} 29. Na6 {[%emt 0:00:01]} Rc2 {[%emt 0:00:05]} 30. Rxe7 {[%emt 0:00:33]} Rdd2 {[%emt 0:00:02]} 31. Nc5 {[%emt 0:00:10]} Rxg2+ {[%emt 0:00:02]} 32. Kh1 {[%emt 0:00:01]} Rxh2+ {[%emt 0:00:00]} 33. Kg1 {[%emt 0:00:01]} Rcg2+ {[%emt 0:00:00]} 34. Kf1 {[%emt 0:00:01]} Rb2 {[%emt 0:00:00]} 35. Kg1 {[%emt 0:00:01]} Rhg2+ {[%emt 0:00:02]} 36. Kh1 {[%emt 0:00:04]} h5 {[%emt 0:00:04]} 37. Raxa7 {[%emt 0:00:05]} h4 {[%emt 0:00:07]} 38. Nd3 {[%emt 0:00:10]} Rh2+ {[%emt 0:00:01]} 39. Kg1 {[%emt 0:00:01]} Rbg2+ {[%emt 0:00:00]} 40. Kf1 {[%emt 0:00:01]} h3 {[%emt 0:00:00]} 41. Nf4 {[%emt 0:00:04]} Rh1# {[%emt 0:00:02] (Lag: Av=0.95s, max=3.2s)} 0-1

[Event "Stay Safe Play From Home 324"]
[Site "Emanuel Lasker Arena"]
[Date "2020.07.22"]
[Round "1"]
[White "SelamiSahin"]
[Black "Lazieri3"]
[Result "0-1"]
[WhiteElo "1620"]
[BlackElo "2047"]
[Annotator "NA"]
[PlyCount "68"]
[EventDate "2020.07.22"]
[EventType "swiss (blitz)"]

1. e4 {[%emt 0:00:03]} c6 {[%emt 0:00:00]} 2. d4 {[%emt 0:00:02]} d5 {[%emt 0:00:00]} 3. e5 {[%emt 0:00:01]} Bf5 {[%emt 0:00:01]} 4. Bd3 {[%emt 0:00:07]} Bxd3 {[%emt 0:00:19]} 5. Qxd3 {[%emt 0:00:00]} e6 {[%emt 0:00:00]} 6. f4 {[%emt 0:00:03]} c5 {[%emt 0:00:10]} 7. c3 {[%emt 0:00:03]} Nc6 {[%emt 0:00:01]} 8. Nf3 {[%emt 0:00:11]} cxd4 {[%emt 0:00:01]} 9. cxd4 {[%emt 0:00:02]} Bb4+ {[%emt 0:00:01]} 10. Nc3 {[%emt 0:00:05]} Nge7 {[%emt 0:00:02]} 11. O-O {[%emt 0:00:04]} h5 {[%emt 0:00:03]} 12. Nh4 {[%emt 0:00:08]} Bxc3 {[%emt 0:00:03]} 13. bxc3 {[%emt 0:00:02]} g6 {[%emt 0:00:00]} 14. Rb1 {[%emt 0:00:09]} b6 {[%emt 0:00:04]} 15. Ba3 {[%emt 0:00:05]} Na5 {[%emt 0:00:02]} 16. Nf3 {[%emt 0:00:04]} Nc4 {[%emt 0:00:03]} 17. Bxe7 {[%emt 0:00:05]} Qxe7 {[%emt 0:00:00]} 18. Nd2 {[%emt 0:00:04]} Nxd2 {[%emt 0:00:05]} 19. Qxd2 {[%emt 0:00:00]} Rc8 {[%emt 0:00:01]} 20. Rf3 {[%emt 0:00:05]} Qa3 {[%emt 0:00:06]} 21. h3 {[%emt 0:00:12]} Rc4 {[%emt 0:00:03]} 22. Rb4 {[%emt 0:00:04]} Qa6 {[%emt 0:00:17]} 23. Qe2 {[%emt 0:00:04]} Kd7 {[%emt 0:00:15]} 24. Rf1 {[%emt 0:00:07]} Rhc8 {[%emt 0:00:03]} 25. g4 {[%emt 0:00:25]} hxg4 {[%emt 0:00:03]} 26. hxg4 {[%emt 0:00:00]} Qa3 {[%emt 0:00:06]} 27. Rb3 {[%emt 0:00:03]} Qe7 {[%emt 0:00:02]} 28. Qf3 {[%emt 0:00:19]} Qh4 {[%emt 0:00:07]} 29. Kg2 {[%emt 0:00:09]} Rh8 {[%emt 0:00:03]} 30. Qg3 {[%emt 0:00:01]} Qh6 {[%emt 0:00:06]} 31. Re1 {[%emt 0:00:04]} Ra4 {[%emt 0:00:07]} 32. Re2 {[%emt 0:00:02]} Qh1+ {[%emt 0:00:04]} 33. Kf2 {[%emt 0:00:02]} Rh2+ {[%emt 0:00:03]} 34. Ke3 {[%emt 0:00:01]} Rh3 {[%emt 0:00:04] SelamiSahin terk eder (Lag: Av=0.55s, max=1.0s)} 0-1

[Event "Stay Safe Play From Home 324"]
[Site "Emanuel Lasker Arena"]
[Date "2020.07.22"]
[Round "1"]
[White "Klasman"]
[Black "Dukic"]
[Result "0-1"]
[WhiteElo "1456"]
[BlackElo "1835"]
[Annotator "NA"]
[PlyCount "23"]
[EventDate "2020.07.22"]
[EventType "swiss (blitz)"]

1. f4 {[%emt 0:00:02]} d6 {[%emt 0:00:04]} 2. Nf3 {[%emt 0:00:01]} Nd7 {[%emt 0:00:02]} 3. e4 {[%emt 0:00:01]} e5 {[%emt 0:00:01]} 4. fxe5 {[%emt 0:00:03]} dxe5 {[%emt 0:00:01]} 5. d3 {[%emt 0:00:04]} Bc5 {[%emt 0:00:03]} 6. Bg5 {[%emt 0:00:03]} Ngf6 {[%emt 0:00:02]} 7. Nc3 {[%emt 0:00:03]} c6 {[%emt 0:00:03]} 8. Be2 {[%emt 0:00:07]} b5 {[%emt 0:00:04]} 9. Qd2 {[%emt 0:00:03]} h6 {[%emt 0:00:03]} 10. Bh4 {[%emt 0:00:02]} Qb6 {[%emt 0:00:04]} 11. O-O-O {[%emt 0:00:04]} Be3 {[%emt 0:00:02]} 12. Bxf6 {[%emt 0:00:08] Klasman resigns (Lag: Av=0.43s, max=0.6s)} 0-1

[Event "Stay Safe Play From Home 324"]
[Site "Emanuel Lasker Arena"]
[Date "2020.07.22"]
[Round "2"]
[White "Weltszmerc"]
[Black "Haris kollari 13"]
[Result "1-0"]
[WhiteElo "2058"]
[BlackElo "1878"]
[Annotator "NA"]
[PlyCount "129"]
[EventDate "2020.07.22"]
[EventType "swiss (blitz)"]

1. d4 {[%emt 0:00:05]} d5 {[%emt 0:00:02]} 2. c4 {[%emt 0:00:01]} e5 {[%emt 0:00:01]} 3. Nf3 {[%emt 0:00:01]} e4 {[%emt 0:00:01]} 4. Nfd2 {[%emt 0:00:01]} c6 {[%emt 0:00:01]} 5. e3 {[%emt 0:00:01]} f5 {[%emt 0:00:01]} 6. f4 {[%emt 0:00:01]} Nf6 {[%emt 0:00:01]} 7. Nc3 {[%emt 0:00:02]} Bd6 {[%emt 0:00:01]} 8. Be2 {[%emt 0:00:00]} O-O {[%emt 0:00:02]} 9. c5 {[%emt 0:00:00]} Bc7 {[%emt 0:00:02]} 10. b4 {[%emt 0:00:00]} Be6 {[%emt 0:00:01]} 11. b5 {[%emt 0:00:01]} Nbd7 {[%emt 0:00:01]} 12. a4 {[%emt 0:00:02]} Rf7 {[%emt 0:00:03]} 13. Bb2 {[%emt 0:00:02]} Nf8 {[%emt 0:00:02]} 14. h3 {[%emt 0:00:01]} b6 {[%emt 0:00:02]} 15. cxb6 {[%emt 0:00:03]} axb6 {[%emt 0:00:03]} 16. bxc6 {[%emt 0:00:01]} Ng6 {[%emt 0:00:08]} 17. Nb5 {[%emt 0:00:01]} Ne7 {[%emt 0:00:06]} 18. Rc1 {[%emt 0:00:03]} Qc8 {[%emt 0:00:05]} 19. Qc2 {[%emt 0:00:04]} Ne8 {[%emt 0:00:04]} 20. Nb1 {[%emt 0:00:05]} Nd6 {[%emt 0:00:08]} 21. O-O {[%emt 0:00:07]} h6 {[%emt 0:00:02]} 22. N1c3 {[%emt 0:00:07]} Nc4 {[%emt 0:00:05]} 23. Bxc4 {[%emt 0:00:03]} dxc4 {[%emt 0:00:01]} 24. Rfd1 {[%emt 0:00:06]} Nd5 {[%emt 0:00:09]} 25. Nxd5 {[%emt 0:00:06]} Bxd5 {[%emt 0:00:01]} 26. Na3 {[%emt 0:00:03]} Bxc6 {[%emt 0:00:18]} 27. Qxc4 {[%emt 0:00:02]} Bxa4 {[%emt 0:00:11]} 28. Rd2 {[%emt 0:00:01]} Qd8 {[%emt 0:00:02]} 29. Nb5 {[%emt 0:00:04]} Bxb5 {[%emt 0:00:01]} 30. Qxb5 {[%emt 0:00:01]} Ra5 {[%emt 0:00:03]} 31. Qc6 {[%emt 0:00:04]} Qd6 {[%emt 0:00:06]} 32. d5 {[%emt 0:00:05]} Qxc6 {[%emt 0:00:02]} 33. Rxc6 {[%emt 0:00:02]} Rd7 {[%emt 0:00:02]} 34. d6 {[%emt 0:00:02]} Bd8 {[%emt 0:00:02]} 35. Be5 {[%emt 0:00:02]} Kf7 {[%emt 0:00:02]} 36. Kh2 {[%emt 0:00:12]} g6 {[%emt 0:00:01]} 37. g4 {[%emt 0:00:01]} Ke6 {[%emt 0:00:01]} 38. Kg3 {[%emt 0:00:02]} Ra3 {[%emt 0:00:08]} 39. Kf2 {[%emt 0:00:02]} g5 {[%emt 0:00:03]} 40. gxf5+ {[%emt 0:00:05]} Kxf5 {[%emt 0:00:01]} 41. Rc4 {[%emt 0:00:06]} gxf4 {[%emt 0:00:02]} 42. Bxf4 {[%emt 0:00:01]} Bh4+ {[%emt 0:00:02]} 43. Ke2 {[%emt 0:00:01]} Bd8 {[%emt 0:00:02]} 44. Rd5+ {[%emt 0:00:02]} Kg6 {[%emt 0:00:04]} 45. Rxe4 {[%emt 0:00:02]} Ra2+ {[%emt 0:00:09]} 46. Rd2 {[%emt 0:00:02]} Rxd2+ {[%emt 0:00:02]} 47. Kxd2 {[%emt 0:00:00]} Bg5 {[%emt 0:00:03]} 48. Rd4 {[%emt 0:00:14]} Bf6 {[%emt 0:00:04]} 49. Rd5 {[%emt 0:00:01]} Bg5 {[%emt 0:00:06]} 50. Bxg5 {[%emt 0:00:02]} hxg5 {[%emt 0:00:01]} 51. e4 {[%emt 0:00:01]} Kf6 {[%emt 0:00:01]} 52. Ke3 {[%emt 0:00:01]} Ke6 {[%emt 0:00:01]} 53. Rxg5 {[%emt 0:00:05]} Kxd6 {[%emt 0:00:01]} 54. Rd5+ {[%emt 0:00:01]} Ke6 {[%emt 0:00:04]} 55. Rxd7 {[%emt 0:00:00]} Kxd7 {[%emt 0:00:01]} 56. Kd4 {[%emt 0:00:00]} Ke6 {[%emt 0:00:00]} 57. h4 {[%emt 0:00:03]} b5 {[%emt 0:00:01]} 58. h5 {[%emt 0:00:01]} b4 {[%emt 0:00:01]} 59. h6 {[%emt 0:00:03]} Kf6 {[%emt 0:00:04]} 60. e5+ {[%emt 0:00:01]} Kg6 {[%emt 0:00:03]} 61. e6 {[%emt 0:00:01]} b3 {[%emt 0:00:02]} 62. Kc3 {[%emt 0:00:01]} Kxh6 {[%emt 0:00:00]} 63. e7 {[%emt 0:00:01]} Kg6 {[%emt 0:00:01]} 64. e8=Q+ {[%emt 0:00:01]} Kg7 {[%emt 0:00:03]} 65. Kxb3 {[%emt 0:00:00] Haris kollari 13 resigns (Lag: Av=0.64s, max=1.3s)} 1-0

[Event "Stay Safe Play From Home 324"]
[Site "Emanuel Lasker Arena"]
[Date "2020.07.22"]
[Round "2"]
[White "Ionelluca"]
[Black "SelamiSahin"]
[Result "0-1"]
[WhiteElo "1942"]
[BlackElo "1620"]
[Annotator "NA"]
[PlyCount "94"]
[EventDate "2020.07.22"]
[EventType "swiss (blitz)"]

1. c4 {[%emt 0:00:07]} Nf6 {[%emt 0:00:08]} 2. Nc3 {[%emt 0:00:02]} c5 {[%emt 0:00:07]} 3. g3 {[%emt 0:00:01]} Nc6 {[%emt 0:00:22]} 4. Bg2 {[%emt 0:00:04]} e5 {[%emt 0:00:04]} 5. d3 {[%emt 0:00:01]} Be7 {[%emt 0:00:03]} 6. h4 {[%emt 0:00:07]} h6 {[%emt 0:00:05]} 7. Bd2 {[%emt 0:00:02]} d6 {[%emt 0:00:03]} 8. a3 {[%emt 0:00:01]} Be6 {[%emt 0:00:04]} 9. Rb1 {[%emt 0:00:05]} O-O {[%emt 0:00:10]} 10. b4 {[%emt 0:00:01]} cxb4 {[%emt 0:00:05]} 11. axb4 {[%emt 0:00:01]} d5 {[%emt 0:00:01]} 12. c5 {[%emt 0:00:06]} Rc8 {[%emt 0:00:06]} 13. Nh3 {[%emt 0:00:10]} Qd7 {[%emt 0:00:06]} 14. Ng1 {[%emt 0:00:11]} Rfd8 {[%emt 0:00:04]} 15. Nf3 {[%emt 0:00:09]} e4 {[%emt 0:00:04]} 16. Nh2 {[%emt 0:00:04]} exd3 {[%emt 0:00:03]} 17. exd3 {[%emt 0:00:01]} Bf5 {[%emt 0:00:03]} 18. Bf4 {[%emt 0:00:06]} d4 {[%emt 0:00:06]} 19. Ne4 {[%emt 0:00:05]} Nd5 {[%emt 0:00:02]} 20. Bd2 {[%emt 0:00:05]} Bxe4 {[%emt 0:00:15]} 21. Bxe4 {[%emt 0:00:05]} Nc3 {[%emt 0:00:02]} 22. Qb3 {[%emt 0:00:07]} Nxb1 {[%emt 0:00:02]} 23. Qxb1 {[%emt 0:00:01]} f5 {[%emt 0:00:09]} 24. Bg2 {[%emt 0:00:02]} Qe6+ {[%emt 0:00:03]} 25. Kd1 {[%emt 0:00:10]} Bf6 {[%emt 0:00:04]} 26. Re1 {[%emt 0:00:01]} Qf7 {[%emt 0:00:11]} 27. Ke2 {[%emt 0:00:03]} Rf8 {[%emt 0:00:03]} 28. Kf1 {[%emt 0:00:02]} Rfe8 {[%emt 0:00:01]} 29. Rc1 {[%emt 0:00:05]} a6 {[%emt 0:00:05]} 30. b5 {[%emt 0:00:03]} axb5 {[%emt 0:00:00]} 31. Qxb5 {[%emt 0:00:02]} Qa2 {[%emt 0:00:02]} 32. Nf3 {[%emt 0:00:15]} Re7 {[%emt 0:00:02]} 33. Re1 {[%emt 0:00:15]} Rce8 {[%emt 0:00:03]} 34. Rxe7 {[%emt 0:00:02]} Rxe7 {[%emt 0:00:00]} 35. Kg1 {[%emt 0:00:02]} Qc2 {[%emt 0:00:20]} 36. Bf4 {[%emt 0:00:10]} Be5 {[%emt 0:00:11]} 37. Nxe5 {[%emt 0:00:22]} Nxe5 {[%emt 0:00:00]} 38. Bxb7 {[%emt 0:00:06]} Nxd3 {[%emt 0:00:04]} 39. Bd5+ {[%emt 0:00:27]} Kh7 {[%emt 0:00:01]} 40. Bg2 {[%emt 0:00:12]} Qxf2+ {[%emt 0:00:04]} 41. Kh2 {[%emt 0:00:01]} Re2 {[%emt 0:00:06]} 42. Qb7 {[%emt 0:00:19]} Nxf4 {[%emt 0:00:03]} 43. gxf4 {[%emt 0:00:01]} Qxf4+ {[%emt 0:00:00]} 44. Kg1 {[%emt 0:00:01]} Re1+ {[%emt 0:00:01]} 45. Bf1 {[%emt 0:00:01]} Qxf1+ {[%emt 0:00:02]} 46. Kh2 {[%emt 0:00:02]} Qg1+ {[%emt 0:00:06]} 47. Kh3 {[%emt 0:00:01]} Re3+ {[%emt 0:00:01] Ionelluca resigns (Lag: Av=1.89s, max=34.2s)} 0-1

[Event "Stay Safe Play From Home 324"]
[Site "Emanuel Lasker Arena"]
[Date "2020.07.22"]
[Round "2"]
[White "Dukic"]
[Black "Mr bh6"]
[Result "0-1"]
[WhiteElo "1838"]
[BlackElo "2485"]
[Annotator "TA"]
[PlyCount "80"]
[EventDate "2020.07.22"]
[EventType "swiss (blitz)"]

{[%evp 10,80,41,34,64,60,72,69,98,92,73,75,110,19,16,3,37,-3,16,-17,-23,-39,40,0,29,20,12,0,0,0,0,0,0,0,66,26,116,91,97,98,133,125,125,87,232,232,228,169,175,157,154,71,66,47,105,102,106,77,193,189,517,115,518,506,475,0,225,-670,-662,-767,-750,-732,-131]} 1. c4 e6 2. Nc3 f5 3. g3 Nf6 4. Bg2 Be7 5. d4 O-O 6. Nf3 b6 {A92: Classical Dutch: Classical Stonewall (with ...Be7): Early deviations.} 7. Ne5 c6 8. d5 cxd5 {White is slightly better.} 9. cxd5 Bb7 10. O-O {[#]} d6 $146 ({Predecessor:} 10... Bb4 11. Qb3 Bxc3 12. dxe6 d5 13. Qxc3 Qe7 14. Bg5 Qxe6 15. Bxf6 gxf6 16. Nd3 d4 17. Qxd4 Bxg2 18. Kxg2 {½-½ (79) Cheparinov,I (2686)-Dzagnidze,N (2509) playchess.com 2020}) 11. Nd3 (11. Nf7 $16 Qc8 12. Ng5) 11... e5 $1 $11 12. Qb3 Nbd7 13. f3 Rc8 14. e4 Ba6 15. Nb5 Qe8 (15... fxe4 $15 16. fxe4 Qe8) 16. a4 Nc5 17. Nxc5 Rxc5 18. Be3 Bxb5 19. axb5 Rxb5 20. Qc2 a5 21. Bh3 g6 ({Black should try} 21... fxe4 $11 22. fxe4 Kh8) 22. Rfc1 Rb4 (22... Kg7 $11) 23. exf5 Nxd5 24. Bh6 {Black must now prevent fxg6.} gxf5 25. Bxf5 {aiming for Be6+.} Rf6 26. Bg5 Kh8 (26... Rf8 $16 {is a better defense.} 27. Bh6 (27. Bxh7+ Kg7 $11) 27... Rf6) 27. Bxf6+ $18 Bxf6 28. Qc8 ({Don't play} 28. Bxh7 $6 Ne7) 28... Qxc8 29. Rxc8+ Kg7 30. Be6 (30. Rd1 $142 Ne3 31. Rc7+ Kf8 32. Rxd6) 30... Ne7 $16 31. Rd8 $36 {[%mdl 2048] White is pushing.} d5 ({Black should play} 31... e4 $14) 32. Rc1 Rxb2 33. Rc7 d4 (33... Rb1+ $16 34. Kf2 d4) 34. h4 $18 {[%mdl 1024] Hoping for Rg8+. White has strong compensation.} a4 $2 (34... Kg6 {is a better chance.} 35. Bc4 a4) 35. Rg8+ Kh6 36. Rf8 Kg6 {[#]} 37. Rf7 $2 (37. h5+ $1 $18 {[%mdl 512]} Kg5 (37... Kxh5 38. Rxf6) 38. f4+ $1 {[%mdl 512]} exf4 39. gxf4+ Kh4 40. Rxf6) 37... a3 $2 {[#]} (37... h5 $11 {and Black has nothing to worry.}) 38. Rfxe7 $4 {[%mdl 8192]} (38. h5+ $1 $18 {[%mdl 512]} Kg5 {[#]} (38... Kxh5 39. Rxf6) 39. f4+ $1 {[%mdl 512]} exf4 40. gxf4+ Kh4 41. Rxf6) 38... Bxe7 $19 {Black is clearly winning.} 39. Rxe7 Kf6 40. Re8 a2 $2 {Black used his chance. Accuracy: White = 50%, Black = 40%.} (40... d3 $19 41. g4 d2 42. g5+ Kg6) 0-1